Ekonomická pridaná hodnota (EVA) a možnosti jej uplatnenia v praxi diplomová práca

Guardado en:
Detalles Bibliográficos
Autor principal: Maťko, Lukáš
Autor Corporativo: Fakulta podnikového manažmentu EU. Katedra podnikových financií
Otros Autores: Šrenkel, Ľudovít
Formato: Libro
Lenguaje:eslovaco
Publicado: Bratislava 2014
Etiquetas: Agregar Etiqueta
Sin Etiquetas, Sea el primero en etiquetar este registro!

MARC

LEADER 00000nbm a2200000 4500
001 0187826
005 20170201091314.5
041 0 |a slo 
044 |a SK 
245 1 0 |a Ekonomická pridaná hodnota (EVA) a možnosti jej uplatnenia v praxi  |b diplomová práca  |c Lukáš Maťko ; školiteľ: Ľudovít Šrenkel 
264 1 |a Bratislava  |c 2014 
300 |a 79 s. 
100 1 |a Maťko, Lukáš 
700 1 |a Šrenkel, Ľudovít 
710 2 |a Fakulta podnikového manažmentu EU. Katedra podnikových financií